<?xml version="1.0" encoding="UTF-8"?><?xml-stylesheet type="text/xsl" href="static/style.xsl"?><OAI-PMH xmlns="http://www.openarchives.org/OAI/2.0/" xmlns:xsi="http://www.w3.org/2001/XMLSchema-instance" xsi:schemaLocation="http://www.openarchives.org/OAI/2.0/ http://www.openarchives.org/OAI/2.0/OAI-PMH.xsd"><responseDate>2026-04-27T13:49:44Z</responseDate><request verb="GetRecord" identifier="oai:uvadoc.uva.es:10324/9253" metadataPrefix="marc">https://uvadoc.uva.es/oai/request</request><GetRecord><record><header><identifier>oai:uvadoc.uva.es:10324/9253</identifier><datestamp>2025-02-19T07:40:42Z</datestamp><setSpec>com_10324_6426</setSpec><setSpec>com_10324_5186</setSpec><setSpec>com_10324_29291</setSpec><setSpec>col_10324_6431</setSpec></header><metadata><record xmlns="http://www.loc.gov/MARC21/slim" xmlns:doc="http://www.lyncode.com/xoai" xmlns:xsi="http://www.w3.org/2001/XMLSchema-instance" xmlns:dcterms="http://purl.org/dc/terms/" xsi:schemaLocation="http://www.loc.gov/MARC21/slim http://www.loc.gov/standards/marcxml/schema/MARC21slim.xsd">
<leader>00925njm 22002777a 4500</leader>
<datafield tag="042" ind1=" " ind2=" ">
<subfield code="a">dc</subfield>
</datafield>
<datafield tag="720" ind1=" " ind2=" ">
<subfield code="a">Fernández Del Hoyo, María Antonia</subfield>
<subfield code="e">author</subfield>
</datafield>
<datafield tag="260" ind1=" " ind2=" ">
<subfield code="c">2009</subfield>
</datafield>
<datafield tag="520" ind1=" " ind2=" ">
<subfield code="a">En el desaparecido convento de San Francisco, de Valladolid se conservaban numerosas piezas de platería americana que diversos comisarios generales de la Orden en las Indias enviaban desde ultramar. Se dan noticias sobre la más notable de ellas: una gran custodia de tipo sol, traída en 1671 por Fray Hernando de Rúa y restaurada en 1714, y de las andas que para ella hizo en Valladolid, en 1729, el platero Damián Bentura. La custodia se perdió, seguramente, durante la ocupación francesa.</subfield>
</datafield>
<datafield tag="520" ind1=" " ind2=" ">
<subfield code="a">The disappeared convent of San Francisco in Valladolid used to keep a large number of silver objects, sent from overseas by the several commissioners of the religious order in The Indies. We have news of the most outstanding of these pieces: a large solar-shaped monstrance brought in 1671 by Fray Hemando de Rua and restored in 1714, as well as of the portable platform made for it in Valladolid in 1729 by the silversmith Damián Bentura. The monstrance went missing, presumably, during the French occupation.</subfield>
</datafield>
<datafield tag="024" ind2=" " ind1="8">
<subfield code="a">BSAA Arte: Boletín del Seminario de Estudios de Arte, 2009, N.75, pags.215-222</subfield>
</datafield>
<datafield tag="024" ind2=" " ind1="8">
<subfield code="a">1888-9751</subfield>
</datafield>
<datafield tag="024" ind2=" " ind1="8">
<subfield code="a">http://uvadoc.uva.es/handle/10324/9253</subfield>
</datafield>
<datafield tag="024" ind2=" " ind1="8">
<subfield code="a">215</subfield>
</datafield>
<datafield tag="024" ind2=" " ind1="8">
<subfield code="a">75</subfield>
</datafield>
<datafield tag="024" ind2=" " ind1="8">
<subfield code="a">222</subfield>
</datafield>
<datafield tag="024" ind2=" " ind1="8">
<subfield code="a">BSAA Arte: Boletín del Seminario de Estudios de Arte</subfield>
</datafield>
<datafield ind1=" " ind2=" " tag="653">
<subfield code="a">Arte</subfield>
</datafield>
<datafield tag="245" ind1="0" ind2="0">
<subfield code="a">Platería americana en el convento de San Francisco, de Valladolid</subfield>
</datafield>
</record></metadata></record></GetRecord></OAI-PMH>